| 000 | 00920nam a2200217Ii 4500 | ||
|---|---|---|---|
| 003 | JO-AjNU | ||
| 008 | 230605s9999||||xx |||||||||||||| ||und|| | ||
| 017 | _a99/16852 | ||
| 020 | _a977-322-024-9 | ||
| 040 |
_aJO-AjNU _bara _erda _cJO-AjNU |
||
| 041 | _aara | ||
| 050 | 1 | 4 | _aBR1380.J6486 1999 |
| 100 | 3 |
_aترجمة ودراسة : عبد الجليل، عمر صابر أحمد, _eauthor _912918 |
|
| 245 | 0 | 0 | _aتاريخ مصر ليوحنتا النقيوسي: رؤية قبطية للفتح الإسلامي |
| 264 | 3 | 1 | _aالقاهرة: عين للدراسات والبحوث الانسانية والاجتماعية، 1999 |
| 300 |
_a283ص _bالمراجع العربية والاجنبية ص 271-281 |
||
| 336 |
_atext _btxt _2rdacontent |
||
| 337 |
_aunmediated _bn _2rdamedia |
||
| 338 |
_avolume _bnc _2rdacarrier |
||
| 650 | 4 |
_aالفتوحات الاسلامية- الاقباط- مصر- تاريخ _912919 |
|
| 999 |
_aA3080 _c6648 _d6648 |
||